000 005580000a22001810004500
090 _aAR
_b02676
245 1 0 _aEDP-IR in the national herbarium of Colombia (<Col>)
650 1 4 _aBotánica
_9361
650 1 4 _aTaxonomía
_992343
650 1 4 _aBiodiversidad
_992204
650 1 4 _aHerbarios
_996166
651 4 _pColombia
_992749
041 0 _aInglés
700 1 _aPereira, Francisco J.
_996167
100 1 _aForero, Enrique
_992822
942 _cARTICULO
773 1 _tTaxon: Journal of the International Association for plant Taxonomy
_3283
_h1
_q85-94
_d1976
_g25
999 _c11739
_d11739